Countries by Largest City- By Continent- South America - Statistics

General Stats
  • This quiz has been taken 31 times
    14 since last reset
  • The average score is 11 of 14
Answers on the Map
Answers color-coded by a green-red scale on the quiz's map according to % correct below.
 
Answer Stats
Country Largest city % Correct
Colombia Bogota
100%
Argentina Buenos Aires
100%
Venezuela Caracas
100%
Uruguay Montevideo
100%
Chile Santiago
100%
Brazil Sao Paulo
100%
Paraguay Asuncion
91%
Peru Lima
91%
Guyana Georgetown
82%
Ecuador Guayaquil
64%
Suriname Paramaribo
55%
Bolivia Santa Cruz de la Sierra
55%
French Guiana Cayenne
45%
Falkland Islands Stanley
45%
No matching quizzes found
Score Distribution
Percent of People with Each Score
Percentile by Number Answered
Your Score History
You have not taken this quiz since the last reset